It looks like you're offline.
Open Library logo
additional options menu

MARC Record from Scriblio

Record ID marc_records_scriblio_net/part04.dat:15215035:496
Source Scriblio
Download Link /show-records/marc_records_scriblio_net/part04.dat:15215035:496?format=raw

LEADER: 00496cam 22002051 4500
001 49002665
003 DLC
005 20050826214922.0
008 760512s1948 enk 000 0 eng
010 $a 49002665
035 $a(OCoLC)2173133
040 $aDLC$cGU$dDLC
042 $apremarc
050 00 $aZ116.A2$bM5
082 $a655
100 1 $aMilne, James.
245 10 $aPrinter's devil;$bor, How books happen.
260 $aLondon,$bEpworth Press$c[1948]
300 $a127 p.$c19cm.
650 0 $aBooks.